000
00421nam a2200133Ia 4500
008
100328s9999 xx 000 0 und d
082
_b
63848
100
_a
मयेकर भालचंद्र.
245
_a
साप समज गैरसमज.
260
_b
मनोविकास.
630
_a
साप समज गैरसमज.
730
_a
साप समज गैरसमज.
942
_c
BOOK
999
_c
549689
_d
549686